000
00270nam a2200109Ia 4500
008
220204s9999 xx 000 0 und d
082
_a
82-3
_b
WEL
100
_a
Angus
245
4
_a
The Best of Isaac Asimov 1954-1972
260
_a
Great Britain
_b
Sphere
_c
1977
942
_c
BK
999
_c
26800
_d
26800